Christmas Desserts by Images - Statistics

General Stats
  • This quiz has been taken 18 times
  • The average score is 2 of 16
Answer Stats
Picture Answer % Correct
Pavlova
93%
Christmas pudding
50%
Stollen
21%
Linzer torte
14%
Butter tarts
7%
Lebkuchen
7%
Mango float
7%
Panettone
7%
Bebinca
0%
Bolo Rei
0%
Buñuelos
0%
Klappertaart
0%
Knäck
0%
Marzipan
0%
Risalamande
0%
Zelten
0%
No matching quizzes found
Score Distribution
Percent of People with Each Score
Percentile by Number Answered
Your Score History
You have not taken this quiz